000 00641nam a2200241Ia 4500
003 OSt
005 20221007101258.0
006 a|||||r|||| 00| 0
007 ta
008 221006b |||||||| |||| 00| 0 eng d
024 _a6,155
037 _cTextual
040 _aLCO
_cLCO
_beng
041 _2eng
_aeng
082 _aX:938.2:(Z), L3: 1
100 _aRAY P K
245 0 _aProvident fund Laws in India.
260 _aCalcutta
_bM. Pub. House
_c1973
300 _aVarious
650 _aPROVIDENT FUND
_9254702
942 _hX:938.2:(Z), L3: 1
_cTEXL
999 _c1175718
_d1175718